Bessain, patria de San Martín de Loinaz (Record no. 70740)

MARC details
000 -LEADER
campo de control de longitud fija 00778nam a2200205 i 4500
001 - NÚMERO DE CONTROL
campo de control 70740
003 - IDENTIFICADOR DE NÚMERO DE CONTROL
campo de control ES-MaACL
005 - FECHA Y HORA DE LA ÚLTIMA TRANSACCIÓN
campo de control 20230906170915.0
007 - CAMPO FIJO DE DESCRIPCIÓN FÍSICA--INFORMACIÓN GENERAL
campo de control de longitud fija t|
008 - DATOS DE LONGITUD FIJA--INFORMACIÓN GENERAL
campo de control de longitud fija 040802s1962 sp ||||1| spa d
100 1# - ENTRADA PRINCIPAL--NOMBRE DE PERSONA
Nombre de persona Garmendia de Otaola, Antonio.
9 (RLIN) 55586
245 10 - MENCIÓN DEL TÍTULO
Título Bessain, patria de San Martín de Loinaz
Resto del título : biografía de un pueblo y de un santo /
Mención de responsabilidad, etc. por Antonio Garmendia de Otaola ; prólogo de Mateo Múgica Urrestarazu ; epílogo de Pablo Hunolt Arana.
260 ## - PUBLICACIÓN, DISTRIBUCIÓN, ETC.
Lugar de publicación, distribución, etc. Zarauz :
Nombre del editor, distribuidor, etc. Icharopena,
Fecha de publicación, distribución, etc. 1962.
300 ## - DESCRIPCIÓN FÍSICA
Extensión 351 p., 12 lám. ;
Dimensiones 24 cm.
600 14 - PUNTO DE ACCESO ADICIONAL DE MATERIA--NOMBRE DE PERSONA
Nombre de persona Martín de Loinaz
Títulos y otros términos asociados al nombre Santo.
9 (RLIN) 164820
651 #4 - PUNTO DE ACCESO ADICIONAL DE MATERIA--NOMBRE GEOGRÁFICO
Nombre geográfico Beasain-
Subdivisión general Historia.
9 (RLIN) 164821
700 1# - ENTRADA AGREGADA--NOMBRE PERSONAL
Nombre de persona Múgica Urrestarazu, Mateo.
9 (RLIN) 84069
700 1# - ENTRADA AGREGADA--NOMBRE PERSONAL
Nombre de persona Hunolt Arana, Pablo.
9 (RLIN) 64738
852 ## - LOCALIZACIÓN
Ubicación ES-MaACL
Número de control de estantería C-21957
Sublocalización o colección R.50658
Holdings
Estatus retirado Estado de pérdida Estado de daño No para préstamo Biblioteca de origen Biblioteca actual Ubicación en estantería Fecha de adquisición Fuente de adquisición Total de préstamos Signatura topográfica completa Código de barras Visto por última vez Precio de reemplazo Tipo de ítem Koha
        Biblioteca del Ateneo de Madrid Biblioteca del Ateneo de Madrid Galería 17/01/2008     C-21957 1074070 23/02/2023 23/02/2023 Libro impreso